Southville International School and Colleges
Your cart is empty.
  • Cart
  • Lists
    Public lists Eva Luna New books Lux_list list_1
    Your lists Log in to create your own lists
  • Log in to your account
  • Your cookies
  • Search history
Southville International School and Colleges
  • Advanced search
  • Recent comments
  • Most popular
  • Libraries

Log in to your account

Log in with GOOGLE


If you do not have an external account, but do have a local account, you can still log in:

  1. Home
  2. MARC view: A treat of 100 short stories
Normal view MARC view ISBD view

A treat of 100 short stories (Record no. 17043)

[ view plain ]
MARC details
000 -LEADER
fixed length control field 01115cam a22003737a 4500
001 - CONTROL NUMBER
control field 16916032
003 - CONTROL NUMBER IDENTIFIER
control field OSt
005 - DATE AND TIME OF LATEST TRANSACTION
control field 20140310182857.0
008 - FIXED-LENGTH DATA ELEMENTS--GENERAL INFORMATION
fixed length control field 110812s2011 ph 000 1 eng
010 ## - LIBRARY OF CONGRESS CONTROL NUMBER
LC control number 2011308259
020 ## - INTERNATIONAL STANDARD BOOK NUMBER
International Standard Book Number 9789712725913 (hard)
020 ## - INTERNATIONAL STANDARD BOOK NUMBER
International Standard Book Number 9789712725371 (pbk.)
040 ## - CATALOGING SOURCE
Original cataloging agency DLC
Transcribing agency DLC
Modifying agency DLC
041 0# - LANGUAGE CODE
Language code of text/sound track or separate title eng
-- tgl
042 ## - AUTHENTICATION CODE
Authentication code lcode
050 00 - LIBRARY OF CONGRESS CALL NUMBER
Classification number PL 5535
Item number .T693 2011
082 ## - DEWEY DECIMAL CLASSIFICATION NUMBER
Classification number FIL 899.210301
Item number .T693 2011
245 02 - TITLE STATEMENT
Title A treat of 100 short stories
Statement of responsibility, etc Torres, Gerardo Z.
246 3# - VARYING FORM OF TITLE
Title proper/short title Treat of one hundred short stories
260 ## - PUBLICATION, DISTRIBUTION, ETC. (IMPRINT)
Place of publication, distribution, etc Manila
Name of publisher, distributor, etc Published and exclusively distributed by Anvil Pub.
Date of publication, distribution, etc c2011
300 ## - PHYSICAL DESCRIPTION
Extent xiii, 223 p.
Dimensions 24 cm.
490 0# - SERIES STATEMENT
Series statement De La Salle University centennial series ;
Volume number/sequential designation 7
521 ## - TARGET AUDIENCE NOTE
Target audience note
526 ## - STUDY PROGRAM INFORMATION NOTE
Reading level 1210L to 1700L
541 ## - IMMEDIATE SOURCE OF ACQUISITION NOTE
-- 1
541 ## - IMMEDIATE SOURCE OF ACQUISITION NOTE
-- 2
541 ## - IMMEDIATE SOURCE OF ACQUISITION NOTE
-- 3
546 ## - LANGUAGE NOTE
Language note In English, and some short stories in Tagalog.
562 ## - COPY AND VERSION IDENTIFICATION NOTE
Number of copies 3
700 1# - ADDED ENTRY--PERSONAL NAME
Personal name Torres, Gerardo Z.
906 ## - LOCAL DATA ELEMENT F, LDF (RLIN)
a 7
b cbc
c origode
d 4
e ncip
f 20
g y-gencatlg
942 ## - ADDED ENTRY ELEMENTS (KOHA)
Source of classification or shelving scheme Library of Congress Classification
Koha item type Books
Call number prefix Filipininana
Holdings
Withdrawn status Lost status Source of classification or shelving scheme Damaged status Home library Current library Shelving location Date acquired Total Checkouts Full call number Barcode Date last seen Copy number Price effective from Koha item type
    Library of Congress Classification   College Library College Library Filipiniana Section 06/07/2012   PL 5535 .T693 2011 c14303 05/08/2018 1 06/07/2012 Books
    Library of Congress Classification   College Library College Library Filipiniana Section 05/07/2013   PL 5535 .T693 2011 c14546 05/08/2018 2 05/07/2013 Books
    Library of Congress Classification   College Library College Library Filipiniana Section 05/11/2013   PL 5535 .T693 2011 c15963 05/08/2018 3 05/11/2013 Books

A treat of 100 short stories

APA

Torres G. Z., . (2011). A treat of 100 short stories. Manila: Published and exclusively distributed by Anvil Pub.

Chicago

Torres Gerardo Z, . 2011. A treat of 100 short stories. Manila: Published and exclusively distributed by Anvil Pub.

Harvard

Torres G. Z., . (2011). A treat of 100 short stories. Manila: Published and exclusively distributed by Anvil Pub.

MLA

Torres Gerardo Z, . A treat of 100 short stories. Manila: Published and exclusively distributed by Anvil Pub. 2011.

  • Place hold
  • Print
  • Cite
  • Add to your cart (remove)
  • Save record
    BIBTEX Dublin Core MARCXML MARC (non-Unicode/MARC-8) MARC (Unicode/UTF-8) MARC (Unicode/UTF-8, Standard) MODS (XML) RIS
  • More searches
    Search for this title in:
    Other Libraries (WorldCat) Other Databases (Google Scholar) Online Stores (Bookfinder.com) Open Library (openlibrary.org)

Exporting to Dublin Core...

SOUTHVILLE LIBRARY

Southville International School and Colleges Library

1281 Tropical Ave. Cor. Luxembourg St., BF Homes International, Las Pinas City

Tel. No. 8256374 / 252358 Loc. 117/146

Powered by Koha